000
00323nam a22001457a 4500
008
230524b ||||| |||| 00| 0 eng d
020
_a
9782889083268
041
_a
FRA
080
_a
82
082
_a
82AAK
100
_a
38
101
_a
GJL
245
_a
ALORS JE ME SUIS MISE A MARCHER
_c
AAKESON.F.K
942
_2
udc
_c
BK
999
_c
59808
_d
59808